The top 20 most populated cities in the U.S. - Statistics

General Stats
  • This quiz has been taken 42 times
  • The average score is 13 of 20
Answer Stats
Rank Popuation City % Correct
2. 3,869,891 Los Angeles
100%
1. 8,346,955 New York City
100%
3. 2,709,364 Chicago
97%
4. 2,435,71 Houston
83%
8. 1,414,266 San Diego
83%
17. 803,876 San Francisco
83%
9. 1,337,417 Dallas
80%
5. 1,703,44 Phoenix
74%
18. 801,192 Seattle
66%
12. 1,007,435 Austin
63%
7. 1,560,480 Philadelphia
63%
20. 734,718 Denver
60%
6. 1,570,314 San Antonio
60%
11. 1,038,787 Jacksonville
57%
14. 977,740 Charlotte
54%
13. 991,209 San Jose
54%
15. 946,661 Columbus
46%
10. 1,050,336 Fort Worth
43%
16. 893,619 Indianapolis
40%
19. 800,777 Hempstead
11%
No matching quizzes found
Score Distribution
Percent of People with Each Score
Percentile by Number Answered
Your Score History
You have not taken this quiz